Kim Bình Mai

Gorde:
Xehetasun bibliografikoak
Egile nagusia: Tiếu Tiếu Sinh
Formatua: Liburua
Hizkuntza:Undetermined
Argitaratua: Hà Nội Văn Học 1999
Gaiak:
Etiketak: Etiketa erantsi
Etiketarik gabe, Izan zaitez lehena erregistro honi etiketa jartzen!
Thư viện lưu trữ: Trung tâm Học liệu Trường Đại học Cần Thơ
LEADER 00474nam a2200169Ia 4500
001 CTU_34424
008 210402s9999 xx 000 0 und d
082 |a 895.13 
082 |b S312/T1/1999 
100 |a Tiếu Tiếu Sinh 
245 0 |a Kim Bình Mai 
245 0 |c Tiếu Tiếu Sinh 
260 |a Hà Nội 
260 |b Văn Học 
260 |c 1999 
650 |a chinese fiction,chinese literature 
980 |a Trung tâm Học liệu Trường Đại học Cần Thơ